Tragedi orang lemah

Bibliographic Details
Main Author: Nasir Mat Ali
Format: Book
Published: Kuala Lumpur : Penerbitan D E , 2020
Series:Siri petua dan panduan akhlak mulia
Subjects:

MARC

LEADER 00000cam a2200000 7i4500
001 0000278396
005 20200911155314.0
020 |a 9789672135531 
090 0 0 |a 297.18   |b NAS 
100 0 |a Nasir Mat Ali 
245 1 0 |a Tragedi orang lemah   |c Nasir Mat Ali 
260 |a Kuala Lumpur :   |b Penerbitan D E ,   |c 2020 
300 |a 104p. ;   |c 22cm. 
490 0 |a Siri petua dan panduan akhlak mulia 
650 0 |a Etiquette 
650 0 |a Islamic stories, Malay 
999 |a 00384791   |b BUKU   |c JUNIOR BOOKS   |e PERPUSTAKAAN KOMUNITI PETALING JAYA